Alle Torschützen der WM 2022 - Statistiken

Allgemein
  • Dieses Quiz wurde 23 mal gespielt
  • Das Durchschnittsergebnis liegt bei 42 aus 172
Antwortstatistiken
Spiel Spieler % Korrekt
Argentinien-Frankreich 2:1 | Argentinien-Frankreich 2:2 | Argentinien-Frankreich 3:3 | +5 others Kylian Mbappe
95%
Argentinien-Australien 1:0 | Argentinien-Frankreich 1:0 | Argentinien-Frankreich 3:2 | +4 others Lionel Messi
89%
England-Frankreich 1:1 | England-Senegal 2:0 Harry Kane
79%
Argentinien-Frankreich 2:0 Angel Di Maria
68%
Costa Rica-Deutschland 2:2 | Costa Rica-Deutschland 2:3 Kai Havertz
63%
Japan-Spanien 0:1 | Spanien-Costa Rica 7:0 | Spanien-Deutschland 1:0 Alvaro Morata
58%
Portugal-Ghana 1:0 Cristiano Ronaldo
58%
Argentinien-Australien 2:0 | Argentinien-Kroatien 2:0 | Argentinien-Kroatien 3:0 | Polen-Argentinien 0:2 Julian Alvarez
58%
England-Iran 1:0 Jude Bellingham
53%
Deutschland-Japan 1:0 Ilkay Gündogan
47%
England-Frankreich 1:2 | Frankreich-Australien 2:1 | Frankreich-Australien 4:1 | Frankreich-Polen 1:0 Olivier Giroud
42%
England-Iran 2:0 | England-Iran 4:0 | England-Senegal 3:0 Bukayo Saka
37%
Katar-Ecuador 0:1 | Katar-Ecuador 0:2 | Niederlande-Ecuador 1:1 Enner Valencia
37%
USA-Wales 1:1 Gareth Bale
37%
Japan-Kroatien 1:1 Ivan Perisic
37%
Brasilien-Südkorea 2:0 | Kroatien-Brasilien 0:1 Neymar
37%
Costa Rica-Deutschland 2:4 | Spanien-Deutschland 1:1 Niclas Füllkrug
37%
Brasilien-Serbien 1:0 | Brasilien-Serbien 2:0 | Brasilien-Südkorea 3:0 Richarlison
37%
Frankreich-Polen 3:1 | Polen-Saudi Arabien 2:0 Robert Lewandowski
37%
Costa Rica-Deutschland 0:1 Serge Gnabry
37%
England-Iran 5:1 | Wales-England 0:1 | Wales-England 0:3 Marcus Rashford
32%
Portugal-Uruguay 1:0 | Portugal-Uruguay 2:0 Bruno Fernandes
26%
Niederlande-Ecuador 1:0 | Niederlande-Katar 1:0 | Senegal-Niederlande 0:1 Cody Gakpo
26%
Portugal-Schweiz 1:0 | Portugal-Schweiz 3:0 | Portugal-Schweiz 5:1 Goncalo Ramos
26%
Wales-England 0:2 Phil Foden
26%
Frankreich-Marokko 1:0 Theo Hernandez
26%
Brasilien-Südkorea 1:0 Vinicius Junior
26%
England-Frankreich 0:1 Aurelien Tchouameni
21%
England-Iran 4:1 | England-Iran 6:2 Mehdi Taremi
21%
Niederlande-USA 1:0 Memphis Depay
21%
Portugal-Ghana 3:1 | Portugal-Schweiz 6:1 Rafael Leao
21%
Deutschland-Japan 1:1 | Japan-Spanien 1:1 Ritsu Doan
21%
Niederlande-Argentinien 1:2 | Niederlande-Argentinien 2:2 Wout Weghorst
21%
Polen-Argentinien 0:1 Alexis Mac Allister
16%
Kroatien-Kanada 0:1 Alphonso Davies
16%
Kroatien-Kanada 1:1 | Kroatien-Kanada 3:1 Andrej Kramaric
16%
Brasilien-Schweiz 1:0 Casemiro
16%
Spanien-Costa Rica 1:0 Dani Olmo
16%
Spanien-Costa Rica 3:0 | Spanien-Costa Rica 4:0 Ferran Torres
16%
Kanada-Marokko 0:1 Hakim Ziyech
16%
England-Iran 6:1 Jack Grealish
16%
Brasilien-Südkorea 4:0 Lucas Paqueta
16%
Niederlande-Argentinien 0:1 Nahuel Molina
16%
Frankreich-Marokko 2:0 Randal Kolo Muani
16%
Deutschland-Japan 1:2 Takuma Asano
16%
Kamerun-Brasilien 1:0 | Kamerun-Serbien 2:3 Vincent Aboubakar
16%
Kanada-Marokko 0:2 | Marokko-Portugal 1:0 Youssef En-Nesyri
16%
Belgien-Marokko 0:1 Abdelhamid Sabiri
11%
Schweiz-Kamerun 1:0 | Serbien-Schweiz 2:2 Breel Embolo
11%
Iran-USA 0:1 Christian Pulisic
11%
Argentinien-Mexiko 2:0 Enzo Fernandez
11%
Portugal-Ghana 2:1 Joao Felix
11%
Ecuador-Senegal 1:2 Kalidou Koulibaly
11%
Spanien-Costa Rica 5:0 Pablo Gavi
11%
Kroatien-Marokko 1:1 Achraf Dari
5%
Senegal-Niederlande 0:2 Davy Klaassen
5%
Niederlande-USA 3:1 Denzel Dumfries
5%
Serbien-Schweiz 1:2 Dusan Vlahovic
5%
Kamerun-Serbien 3:3 Eric-Maxim Choupo-Moting
5%
Ecuador-Senegal 0:1 Ismaila Sarr
5%
Kroatien-Marokko 1:0 Josko Gvardiol
5%
Australien-Dänemark 1:0 Mathew Leckie
5%
Belgien-Kanada 1:0 Michy Batshuayi
5%
Portugal-Schweiz 2:0 Pepe
5%
Serbien-Schweiz 2:3 Remo Freuler
5%
Argentinien-Saudi Arabien 1:2 | Saudi Arabien-Mexiko 1:2 Salem Al-Dawsari
5%
Kamerun-Serbien 1:2 Sergej Milinkovic-Savic
5%
USA-Wales 1:0 Timothy Weah
5%
Tunesien-Frankreich 1:0 Wahbi Khazri
5%
Serbien-Schweiz 0:1 Xherdan Shaqiri
5%
Belgien-Marokko 0:2 Zakaria Aboukhlal
5%
Frankreich-Australien 1:1 Adrien Rabiot
0%
Kamerun-Serbien 1:3 | Serbien-Schweiz 1:1 Aleksandr Mitrovic
0%
Frankreich-Dänemark 1:1 Andreas Christensen
0%
Portugal-Ghana 1:1 Andre Ayew
0%
Japan-Spanien 2:1 Ao Tanaka
0%
Katar-Senegal 1:3 Bamba Dieng
0%
Katar-Senegal 0:1 Boulaye Dia
0%
Kroatien-Brasilien 1:1 Bruno Petkovic
0%
Spanien-Costa Rica 6:0 Carlos Soler
0%
Frankreich-Australien 0:1 Craig Goodwin
0%
Japan-Kroatien 1:0 Daizen Maeda
0%
Niederlande-USA 2:0 Daley Blind
0%
Argentinien-Australien 2:1 Enzo Fernandez (Eigentor)
0%
Katar-Senegal 0:2 Famara Diedhiou
0%
Niederlande-Katar 2:0 Frenkie De Jong
0%
Ghana-Uruguay 0:1 | Ghana-Uruguay 0:2 Giorgan de Arrascaeta
0%
Südkorea-Ghana 1:2 | Südkorea-Ghana 2:2 Gue-Song Cho
0%
Niederlande-USA 2:1 Haji Wright
0%
Südkorea-Portugal 2:1 Hee-Chan Hwang
0%
Saudi-Arabien-Mexiko 0:1 Henry Martin
0%
Kamerun-Serbien 1:0 Jean-Charles Castelletto
0%
England-Senegal 1:0 Jordan Henderson
0%
Costa Rica-Deutschland 2:1 Juan Vargas
0%
Japan-Costa Rica 0:1 Keysher Fuller
0%
Kroatien-Kanada 4:1 Lovro Majer
0%
Saudi Arabien-Mexiko 0:2 Luis Chavez
0%
Portugal-Schweiz 4:1 Manuel Akanji
0%
Spanien-Costa Rica 2:0 Marco Asensio
0%
Kroatien-Kanada 2:1 Marko Livaja
0%
Kroatien-Marokko 2:1 Mislav Orsic
0%
Tunesien-Australien 0:1 Mitchell Duke
0%
Südkorea-Ghana 0:1 Mohammad Salisu
0%
Südkorea-Ghana 0:2 | Südkorea-Ghana 2:3 Mohammed Kudus
0%
Katar-Senegal 1:2 Mohammed Muntari
0%
Ecuador-Senegal 1:1 Moises Caicedo
0%
Kanada-Marokko 1:2 Nayef Aguerd (eigentor)
0%
Portugal-Ghana 3:2 Osman Bukari
0%
Polen-Saudi Arabien 1:0 Piotr Zielinski
0%
England-Iran 3:0 Raheem Sterling
0%
Wales-Iran 0:2 Ramin Rezaeian
0%
Portugal-Schweiz 4:0 Raphael Guerreiro
0%
Südkorea-Portugal 0:1 Ricardo Horta
0%
Wales-Iran 0:1 Rouzbeh Cheshmi
0%
Argentinien-Saudi Arabien 1:1 Saleh Al-Shehri
0%
Brasilien-Südkorea 4:1 Seung-Ho Paik
0%
Kamerun-Serbien 1:1 Strahinja Pavlovic
0%
Costa Rica-Deutschland 1:1 Yeltsin Tejeda
0%
Südkorwa-Portugal 1:1 Young-Gwon Kim
0%
Keine übereinstimmenden Quizze gefunden
Verteilung der Resultate
Anzahl Personen mit jedem Resultat
Perzentil nach korrekt beantworteten Fragen
Ihre Resultats-Entwicklung
Sie haben dieses Quiz noch nicht gespielt